000 00996nam a2200229 4500
001 6043
010 _a9722618776
090 _a6043
100 _a20211231d2000 a||y0pory5003 ba
200 1 _aA lagarta que rugia
_fMichael Lawrence
_gtradução de Marlene Campos
210 _aPorto
_cCivilização
_d2000
215 _a[28]p
_cil
_d25cm
225 2 _aHistórias para Partilhar
_v2
330 _ao Hugo é uma lagarta que queria ser um leão. Ele finge que sacode a juba e ruge como um leão, mas os seus amigos riem-se dele. Então, o Hugo consegue convencer o Óscar, o peixe, de que é mesmo um leão... e os resultados são surpreendentes. As crianças vão rir-se com o Hugo enquanto aprendem que serem elas próprias é o mais importante.
606 _914
_aLiteratura infantil
606 _913
_aLiteratura Estrangeira
675 _a82-93
_vBN
_zpor
675 _a821.1/.8
_vBN
_zpor
700 _aLawrence
_bMichael
_95737
801 0 _aPT
_bBMVN
_gRPC
830 _cAna Caetano
_d31/12/2021
990 _cLIVROS